Statistics for Erich Maria Remarque Bibliography

Click here to take the quiz!

General Stats

  • This quiz has been taken 3 times
  • The average score is 4 of 20

Answer Stats

TypeYearName% Correct
Novel1929All Quiet on the Western Front
67%
Novel1931The Road Back
67%
Novel1945Arch of Triumph
33%
Novel1954A Time to Love and a Time to Die
33%
Novel1939Flotsam
33%
Novel1998Gam
33%
Novel1961Heaven Has No Favorites
33%
Novel1952Spark of Life
33%
Novel1957The Black Obelisk
33%
Novel1962The Night in Lisbon
33%
Novel1936Three Comrades
33%
Essay Collection1994Ein Militanter Pazifist
0%
Play1956Full Circle
0%
Novel1971Shadows in Paradise
0%
Novel1928Station at the Horizon
0%
Novel1920The Dream Room
0%
Short Story Collection1931The Enemy
0%
Screenplay1955The Last Act
0%
Novel1970The Promised Land
0%
Play1988The Return of Enoch J. Jones
0%

Score Distribution

Percentile by Number Answered

Percent of People with Each Score

Your Score History

You have not taken this quiz